5HLuxD.jpg

KING HENRY VIII SENIOR AND PRIMARY SCHOOL LIBRARY OPAC

Miss Fox's class goes green / (Record no. 2407)

000 -LEADER
fixed length control field 01008nam a22002297a 4500
005 - DATE AND TIME OF LATEST TRANSACTION
control field 20230508113454.0
008 - FIXED-LENGTH DATA ELEMENTS--GENERAL INFORMATION
fixed length control field 230508b ||||| |||| 00| 0 eng d
020 ## - INTERNATIONAL STANDARD BOOK NUMBER
International Standard Book Number 9780545347501
040 ## - CATALOGING SOURCE
Transcribing agency KH8
082 ## - DEWEY DECIMAL CLASSIFICATION NUMBER
Classification number 813.54 SPI
100 ## - MAIN ENTRY--PERSONAL NAME
Personal name Spinelli, Eileen
Relator term Author
245 ## - TITLE STATEMENT
Title Miss Fox's class goes green /
Statement of responsibility, etc. Eileen Spinelli
250 ## - EDITION STATEMENT
Edition statement 18
260 ## - PUBLICATION, DISTRIBUTION, ETC.
Place of publication, distribution, etc. New York,
Name of publisher, distributor, etc. Scholastic Inc.,
Date of publication, distribution, etc. 2011, ©2009
300 ## - PHYSICAL DESCRIPTION
Extent 1 volume (unpaged) :
Other physical details color illustrations ;
Dimensions 26 cm
500 ## - GENERAL NOTE
General note First Scholastic printing, March 2011<br/>"This edition is available for distribution only through the school market."--Page 4 of cover
520 ## - SUMMARY, ETC.
Summary, etc. The students in Miss Fox's class lead their school in making choices to help keep the planet healthy, such as turning off lights when leaving a room, taking shorter showers, and using cloth bags instead of plastic ones
650 ## - SUBJECT ADDED ENTRY--TOPICAL TERM
Topical term or geographic name entry element Animals
Form subdivision Animals Fiction
650 ## - SUBJECT ADDED ENTRY--TOPICAL TERM
Topical term or geographic name entry element Animals Juvenile fiction
650 ## - SUBJECT ADDED ENTRY--TOPICAL TERM
Topical term or geographic name entry element Environmental protection
Form subdivision Fiction
942 ## - ADDED ENTRY ELEMENTS (KOHA)
Source of classification or shelving scheme
Koha item type Books - Fiction
Holdings
Withdrawn status Lost status Source of classification or shelving scheme Damaged status Not for loan Collection code Permanent Location Current Location Shelving location Date acquired Total Checkouts Full call number Barcode Date last seen Date last checked out Price effective from Koha item type
          Fiction KH8 Primary School Library KH8 Primary School Library Non Fiction 2023-05-08 9 813.54 SPI KHPL000004156 2025-12-05 2025-11-07 2023-05-08 Books - Fiction

Powered By KH8 IT Dept